00000000nam##2200000za#4500
0019.599692
003CaOODSP
00520210624205210
007cr |||||||||||
008150406|2001||||xxc|||||o    f|0| 0 fre|d
040 |aCaOODSP|bfre
043 |an-cn---
0861 |aBT31-2/2002-III-39F-PDF
1101 |aCanada. |bConseil du trésor.
24510|aRapport sur les plans et les priorités, 2001-2002 budget des dépenses |h[ressource électronique]
24614|aConseil de recherches en sciences naturelles et en génie du Canada, budget de dépenses 2001-2002. Partie III, Rapport sur les plans et les priorités
260 |aOttawa - Ontario : |bSecrétariat du Conseil du Trésor du Canada |cc2001.
300 |a46p.|bfigure, graphiques, organigramme, tableaux, index
4901 |aBudget des dépenses 2001-2002. Partie III, Rapport sur les plans et les priorités |v2001-2002
500 |aLe n° de catalogue (BT31-2/2002-III-39) et l’ISBN (0-660-61474-X) de l’édition imprimée bilingue ont été incorrectement copiés dans cette édition électronique.
590 |a10-11-Supp|b2010-11-10
77508|tReport on plans and priorities, 2001-2002 estimates |w(CaOODSP)9.568403
7760#|tConseil de recherches en sciences naturelles et en génie du Canada |w(CaOODSP)9.534381
7760#|tNatural Sciences and Engineering Research Council of Canada |w(CaOODSP)9.534380
830#0|aBudget des dépenses 2001-2002. Partie III, Rapport sur les plans et les priorités ;|v2001-2002|w(CaOODSP)9.502575
85640|ahttp://publications.gc.ca|qPDF|s2.30 Mo|uhttps://publications.gc.ca/collections/Collection/BT31-2-2002-III-39F.pdf|y2001-2002